<?xml version="1.0" encoding="UTF-8"?>
<record
    xmlns:xsi="http://www.w3.org/2001/XMLSchema-instance"
    xsi:schemaLocation="http://www.loc.gov/MARC21/slim http://www.loc.gov/standards/marcxml/schema/MARC21slim.xsd"
    xmlns="http://www.loc.gov/MARC21/slim">

  <leader>00608nam a22001337a 4500</leader>
  <datafield tag="040" ind1=" " ind2=" ">
    <subfield code="c">RUA</subfield>
  </datafield>
  <datafield tag="082" ind1=" " ind2=" ">
    <subfield code="a">REP SIE 2020 B1.598 Or.</subfield>
  </datafield>
  <datafield tag="100" ind1=" " ind2=" ">
    <subfield code="a">SIENG REAKSA. &#x179F;&#x17C0;&#x1784; &#x179A;&#x1780;&#x17D2;&#x179F;&#x17B6;</subfield>
  </datafield>
  <datafield tag="245" ind1=" " ind2=" ">
    <subfield code="a">UTILIZTION OF DIFFERENT RATES OF UREA FERTILIZER ON LETTUCE ( IACTUCA SATIVA L.). &#x1780;&#x17B6;&#x179A;&#x1794;&#x17D2;&#x179A;&#x17BE;&#x1794;&#x17D2;&#x179A;&#x17B6;&#x179F;&#x17CB;&#x1780;&#x1798;&#x17D2;&#x179A;&#x17B7;&#x178F;&#x1787;&#x17B8;&#x17A2;&#x17CA;&#x17BB;&#x1799;&#x179A;&#x17C9;&#x17C1;&#x1781;&#x17BB;&#x179F;&#x17D7;&#x1782;&#x17D2;&#x1793;&#x17B6;&#x179B;&#x17BE;&#x178A;&#x17C6;&#x178E;&#x17B6;&#x17C6;&#x179F;&#x17B6;&#x179B;&#x17B6;&#x178A;</subfield>
  </datafield>
  <datafield tag="260" ind1=" " ind2=" ">
    <subfield code="a">Phnom Penh</subfield>
    <subfield code="b">RUA</subfield>
    <subfield code="c">2020</subfield>
  </datafield>
  <datafield tag="300" ind1=" " ind2=" ">
    <subfield code="a">VIII.26P</subfield>
    <subfield code="b">VI. </subfield>
    <subfield code="c">29CM</subfield>
  </datafield>
  <datafield tag="856" ind1=" " ind2=" ">
    <subfield code="u">https://drive.google.com/file/d/1Ty1RiUvXK4Nq8hNI6ZwTswbjGw6wSfkc/view?usp=sharing</subfield>
  </datafield>
  <datafield tag="942" ind1=" " ind2=" ">
    <subfield code="c">REP</subfield>
  </datafield>
  <datafield tag="999" ind1=" " ind2=" ">
    <subfield code="c">21824</subfield>
    <subfield code="d">21824</subfield>
  </datafield>
  <datafield tag="952" ind1=" " ind2=" ">
    <subfield code="0">0</subfield>
    <subfield code="1">0</subfield>
    <subfield code="2">ddc</subfield>
    <subfield code="4">0</subfield>
    <subfield code="6">AGR_SIEN_2020_000000000000000_B1_598_OR</subfield>
    <subfield code="7">0</subfield>
    <subfield code="9">95061</subfield>
    <subfield code="a">LBB</subfield>
    <subfield code="b">LBB</subfield>
    <subfield code="c">B1.598</subfield>
    <subfield code="d">2023-09-05</subfield>
    <subfield code="l">1</subfield>
    <subfield code="o">AGR SIEN 2020 B1.598 Or.</subfield>
    <subfield code="p">a73120</subfield>
    <subfield code="r">2024-02-20</subfield>
    <subfield code="s">2024-01-19</subfield>
    <subfield code="w">2023-09-05</subfield>
    <subfield code="y">AGR</subfield>
  </datafield>
  <datafield tag="952" ind1=" " ind2=" ">
    <subfield code="0">0</subfield>
    <subfield code="1">0</subfield>
    <subfield code="2">ddc</subfield>
    <subfield code="4">0</subfield>
    <subfield code="6">AGR_SIEN_2020_000000000000000_B1_598_OR</subfield>
    <subfield code="7">0</subfield>
    <subfield code="9">95062</subfield>
    <subfield code="a">LBB</subfield>
    <subfield code="b">LBB</subfield>
    <subfield code="c">B1.598</subfield>
    <subfield code="d">2023-09-05</subfield>
    <subfield code="l">1</subfield>
    <subfield code="o">AGR SIEN 2020 B1.598 Or.</subfield>
    <subfield code="p">a73175</subfield>
    <subfield code="r">2024-05-08</subfield>
    <subfield code="s">2024-04-02</subfield>
    <subfield code="w">2023-09-05</subfield>
    <subfield code="y">AGR</subfield>
  </datafield>
  <datafield tag="952" ind1=" " ind2=" ">
    <subfield code="0">0</subfield>
    <subfield code="1">0</subfield>
    <subfield code="2">ddc</subfield>
    <subfield code="4">0</subfield>
    <subfield code="6">AGR_SIEN_2020_000000000000000_B1_598_OR</subfield>
    <subfield code="7">0</subfield>
    <subfield code="9">95063</subfield>
    <subfield code="a">LBB</subfield>
    <subfield code="b">LBB</subfield>
    <subfield code="c">B1.598</subfield>
    <subfield code="d">2023-09-05</subfield>
    <subfield code="o">AGR SIEN 2020 B1.598 Or.</subfield>
    <subfield code="p">a73170</subfield>
    <subfield code="r">2023-09-05</subfield>
    <subfield code="w">2023-09-05</subfield>
    <subfield code="y">AGR</subfield>
  </datafield>
  <datafield tag="952" ind1=" " ind2=" ">
    <subfield code="0">0</subfield>
    <subfield code="1">0</subfield>
    <subfield code="2">ddc</subfield>
    <subfield code="4">0</subfield>
    <subfield code="6">AGR_SIEN_2020_000000000000000_B1_598_OR</subfield>
    <subfield code="7">0</subfield>
    <subfield code="9">95064</subfield>
    <subfield code="a">LBB</subfield>
    <subfield code="b">LBB</subfield>
    <subfield code="c">B1.598</subfield>
    <subfield code="d">2023-09-05</subfield>
    <subfield code="o">AGR SIEN 2020 B1.598 Or.</subfield>
    <subfield code="p">a73250</subfield>
    <subfield code="r">2023-09-05</subfield>
    <subfield code="w">2023-09-05</subfield>
    <subfield code="y">AGR</subfield>
  </datafield>
  <datafield tag="952" ind1=" " ind2=" ">
    <subfield code="0">0</subfield>
    <subfield code="1">0</subfield>
    <subfield code="2">ddc</subfield>
    <subfield code="4">0</subfield>
    <subfield code="6">AGR_SIEN_2020_000000000000000_B1_598_OR</subfield>
    <subfield code="7">0</subfield>
    <subfield code="9">95065</subfield>
    <subfield code="a">LBB</subfield>
    <subfield code="b">LBB</subfield>
    <subfield code="c">B1.598</subfield>
    <subfield code="d">2023-09-05</subfield>
    <subfield code="o">AGR SIEN 2020 B1.598 Or.</subfield>
    <subfield code="p">a73105</subfield>
    <subfield code="r">2023-09-05</subfield>
    <subfield code="w">2023-09-05</subfield>
    <subfield code="y">AGR</subfield>
  </datafield>
  <datafield tag="952" ind1=" " ind2=" ">
    <subfield code="0">0</subfield>
    <subfield code="1">0</subfield>
    <subfield code="2">ddc</subfield>
    <subfield code="4">0</subfield>
    <subfield code="6">AGR_SIEN_2020_000000000000000_B1_598_OR</subfield>
    <subfield code="7">0</subfield>
    <subfield code="9">95066</subfield>
    <subfield code="a">LBB</subfield>
    <subfield code="b">LBB</subfield>
    <subfield code="c">B1.598</subfield>
    <subfield code="d">2023-09-05</subfield>
    <subfield code="o">AGR SIEN 2020 B1.598 Or.</subfield>
    <subfield code="p">a73180</subfield>
    <subfield code="r">2023-09-05</subfield>
    <subfield code="w">2023-09-05</subfield>
    <subfield code="y">AGR</subfield>
  </datafield>
</record>
